000 00565nam a2200181 i 4500
001 75614
003 ES-MaACL
005 20230906172525.0
007 t|
008 040927s1920 sp |||| | spa d
100 1 _aGual Villalbí, Pedro.
_960287
245 1 1 _a¿Bajarán los precios de los tejidos de lana? /
_cPedro Gual Villalbí.
260 _aBarcelona :
_b[s.n.,
_c1920]
300 _a8 p. :
_bil. ;
_c25 cm.
594 _aArtículo publicado en la revista Evito, julio de 1920.
650 4 _aIndustria de la lana.
_9165018
852 _aES-MaACL
_j1596-F-20
999 _c75614
_d75614